00485nam a22001577a 450000500170000000800410001702000150005804100130007308200150008610000260010124500780012725000190020526000470022430000310027165000250030220231127063227.0231127b |||||||| |||| 00| 0 eng d a0702125466 aEnglish  a340.5 BEN  aBennett, TWlEnglish  aA Sourcebook of African Customary Law for Southern Africa / cTW Bennett  aFirst Edition  aCape Town : bJuta and Company Ltd, c1991 blix, 484 pages ; c26 cm.  aLegal practice bLaw